000 00705nam a22002417a 4500
001 30229
003 UA-OsUOA
005 20240925120803.0
007 ta
008 20041108b un ||||| |||| 00| 0 ukr d
020 _a512017282
040 _aUA-OsUOA
_brus
_cUA-OsUOA
_dUA-OsUOA
041 _arus
044 _aUA
080 _a911
090 _a911
_bР17
245 _aРазвитие географической науки в Украинской ССР
_bсборник научных статей
_cред. А. М. Маринич, М. М. Паламарчук
260 _aКиев
_bНаукова думка
_c1990
300 _a120 с.
650 7 _2UDC
942 _cBK
_2udc
955 _a0
999 _c316637
_d316637